| 000 -LEADER |
| fixed length control field |
02143 a2200337 4500 |
| 020 ## - INTERNATIONAL STANDARD BOOK NUMBER |
| International Standard Book Number |
0321277945 |
| 020 ## - INTERNATIONAL STANDARD BOOK NUMBER |
| International Standard Book Number |
9780321277947 |
| 082 04 - DEWEY DECIMAL CLASSIFICATION NUMBER |
| Classification number |
338.5 |
| 090 ## - LOCALLY ASSIGNED LC-TYPE CALL NUMBER (OCLC); LOCAL CALL NUMBER (RLIN) |
| -- |
197 |
| -- |
197 |
| 100 1# - MAIN ENTRY--PERSONAL NAME |
| Personal name |
Perloff, Jeffrey M. |
| 245 10 - TITLE STATEMENT |
| Title |
Microeconomics : |
| Remainder of title |
theory and applications with calculus / |
| Statement of responsibility, etc. |
Jeffrey M. Perloff. |
| 250 ## - EDITION STATEMENT |
| Edition statement |
United States ed ed. |
| 260 ## - PUBLICATION, DISTRIBUTION, ETC. |
| Place of publication, distribution, etc. |
[S.l.] : |
| Name of publisher, distributor, etc. |
Addison Wesley, |
| Date of publication, distribution, etc. |
2007. |
| 300 ## - PHYSICAL DESCRIPTION |
| Extent |
800 p. ; |
| Dimensions |
26 cm. |
| 500 ## - GENERAL NOTE |
| General note |
Hardcover. |
| 520 ## - SUMMARY, ETC. |
| Summary, etc. |
In Microeconomics: Theory and Applications with Calculus, Perloff brings his hallmark pedagogy to the calculus-based course by integrating Solved Problems and real, data-driven applications in every chapter. This new text offers a serious presentation of calculus-based microeconomic theory and offers a suite of carefully crafted, calculus-based problem sets at the end of each chapter. Introduction; Supply and Demand; A Consumer’s Constrained Choice; Demand; Consumer Welfare and Policy Analysis; Firms and Production; Costs; Competitive Firms and Markets; Properties and Applications of the Competitive Model; General Equilibrium and Economic Welfare; Monopoly; Pricing and Advertising; Oligopoly and Monopolistic Competition; Game Theory; Factor Markets; Uncertainty; Externalities, Open Access, and Public Goods; Asymmetric Information; Contracts and Moral Hazard. For all readers interested in calculus-based intermediate microeconomics |
| 650 ## - SUBJECT ADDED ENTRY--TOPICAL TERM |
| Topical term or geographic name entry element |
Business/Economics |
| 650 ## - SUBJECT ADDED ENTRY--TOPICAL TERM |
| Topical term or geographic name entry element |
Economics: Textbooks & Study Guides |
| 650 ## - SUBJECT ADDED ENTRY--TOPICAL TERM |
| Topical term or geographic name entry element |
Economics |
| 650 ## - SUBJECT ADDED ENTRY--TOPICAL TERM |
| Topical term or geographic name entry element |
Business / Economics / Finance |
| 650 ## - SUBJECT ADDED ENTRY--TOPICAL TERM |
| Topical term or geographic name entry element |
Business & Economics |
| 650 ## - SUBJECT ADDED ENTRY--TOPICAL TERM |
| Topical term or geographic name entry element |
Microeconomics |
| 650 ## - SUBJECT ADDED ENTRY--TOPICAL TERM |
| Topical term or geographic name entry element |
Business & Economics / Economics / General |
| 650 ## - SUBJECT ADDED ENTRY--TOPICAL TERM |
| Topical term or geographic name entry element |
Business & Economics / Economics / Microeconomics |
| 650 ## - SUBJECT ADDED ENTRY--TOPICAL TERM |
| Topical term or geographic name entry element |
Calculus |
| 650 ## - SUBJECT ADDED ENTRY--TOPICAL TERM |
| Topical term or geographic name entry element |
Economics - Microeconomics |
| 650 ## - SUBJECT ADDED ENTRY--TOPICAL TERM |
| Topical term or geographic name entry element |
MATHEMATICS / Calculus |
| 856 ## - ELECTRONIC LOCATION AND ACCESS |
| Materials specified |
Amazon.com |
| Uniform Resource Identifier |
<a href="http://www.amazon.com/exec/obidos/ASIN/0321277945/chopaconline-2">http://www.amazon.com/exec/obidos/ASIN/0321277945/chopaconline-2</a> |
| 856 ## - ELECTRONIC LOCATION AND ACCESS |
| Materials specified |
Amazon customer reviews |
| Uniform Resource Identifier |
<a href="http://www.chopac.org/cgi-bin/tools/azrev.pl?q=032127794">http://www.chopac.org/cgi-bin/tools/azrev.pl?q=032127794</a> |
| 942 ## - ADDED ENTRY ELEMENTS (KOHA) |
| Institution code [OBSOLETE] |
NBS |
| Koha item type |
Book |
| Call number prefix |
338.5 PER |